Asamiya bhashar upabhasha (Record no. 10360)

MARC details
000 -LEADER
fixed length control field 00621cam a2200217ua 4500
005 - DATE AND TIME OF LATEST TRANSACTION
control field 20231011131712.0
008 - FIXED-LENGTH DATA ELEMENTS--GENERAL INFORMATION
fixed length control field 190930n ii |||gr||||Z||||||asm
020 ## - INTERNATIONAL STANDARD BOOK NUMBER
International Standard Book Number 8186416609
040 ## - CATALOGING SOURCE
Transcribing agency MAIN
Original cataloging agency IN-DiNC
041 ## - LANGUAGE CODE
Language code of sung or spoken text Assamese
082 ## - DEWEY DECIMAL CLASSIFICATION NUMBER
Classification number 491.451
Item number ASA
245 ## - TITLE STATEMENT
Title Asamiya bhashar upabhasha
Statement of responsibility, etc. edited by Dipti Phukan Patgiri
250 ## - EDITION STATEMENT
Edition statement 3rd ed.
260 ## - PUBLICATION, DISTRIBUTION, ETC.
Place of publication, distribution, etc. Guwahati:
Name of publisher, distributor, etc. Guwahati University press,
Date of publication, distribution, etc. 2018.
300 ## - PHYSICAL DESCRIPTION
Extent 318p.
650 ## - SUBJECT ADDED ENTRY--TOPICAL TERM
Topical term or geographic name entry element Sub language of Assamese
700 ## - ADDED ENTRY--PERSONAL NAME
Personal name Patgiri, Dipti Phukan
Relator term Editor
942 ## - ADDED ENTRY ELEMENTS (KOHA)
Koha item type Books
Source of classification or shelving scheme Dewey Decimal Classification
653 ## - INDEX TERM--UNCONTROLLED
Uncontrolled term East Indo-European & Celtic languages
653 ## - INDEX TERM--UNCONTROLLED
Uncontrolled term Assamese language
Holdings
Withdrawn status Lost status Source of classification or shelving scheme Damaged status Not for loan Collection code Home library Current library Shelving location Date acquired Cost, normal purchase price Total Checkouts Full call number Barcode Date last seen Date last checked out Copy number Price effective from Koha item type
    Dewey Decimal Classification     Assamese Central Library, Naharkatiya College Central Library, Naharkatiya College General Stacks 19/09/2020 300.00 13 491.451 ASA 26807 19/05/2025 27/01/2025 1 19/09/2020 Books
    Dewey Decimal Classification     Assamese Central Library, Naharkatiya College Central Library, Naharkatiya College General Stacks 19/09/2020 300.00 5 491.451 ASA 26808 14/02/2025 10/02/2025 2 19/09/2020 Books
    Dewey Decimal Classification     Assamese Central Library, Naharkatiya College Central Library, Naharkatiya College General Stacks 11/10/2023 300.00 3 491.451 ASA 29730 24/05/2025 06/03/2025 3 11/10/2023 Books
    Dewey Decimal Classification     Assamese Central Library, Naharkatiya College Central Library, Naharkatiya College General Stacks 11/10/2023 300.00 3 491.451 ASA 29731 01/03/2025 21/01/2025 4 11/10/2023 Books

Naharkatiya College © 2020. All rights reserved.

Powered By